000 00873nam a2200205 a 4500
003 0
005 20250505124101.0
008 050808s19uu xx 00 eng d
050 _aPHS HV 888
_b.N36 2005
100 _aNaoe, Suzette Mariko O.
245 _aProfile of children whose fathers were sentenced with life imprisonment in the New Bilibid Prison /
_cSuzette Mariko O. Naoe.
260 _aLas PiƱas City, Philippines :
_bSouthville International School and Colleges,
_c2005.
300 _a36 pages :
_billustrations ;
_c28 cm.
504 _aIncludes bibliographical references.
650 _2Library of Congress Subject Headings
_aChildren of prisoners
_zPhilippines
_xSocial conditions.
650 _2Library of Congress Subject Headings
_aFathers
_xImprisonment
_zPhilippines.
650 _aPrisoners' children
_zPhilippines.
942 _2lcc
_cPASS
999 _c97277
_d97277